[Event "Kuala Lumpur UM KPT op"]
[Site "Kuala Lumpur"]
[Date "2016.12.18"]
[Round "8"]
[White "Tee, Han Kang"]
[Black "Lee, Soon Huat"]
[Result "1-0"]
[WhiteElo "1559"]
[BlackElo "1471"]
[PlyCount "109"]
[EventDate "2016.12.16"]
[EventType "swiss"]
[EventRounds "9"]
[EventCountry "MAS"]
[SourceTitle "CBM 176 Extra"]
[Source "ChessBase"]
[SourceDate "2017.03.02"]
[SourceVersion "1"]
[SourceVersionDate "2017.03.02"]
[SourceQuality "1"]

1. e4 e5 2. Nf3 Nc6 3. Bb5 a6 4. Ba4 Bc5 5. 0-0 d6 6. h3 Nf6 7. Re1 b5 8. Bb3 0-0 9. c3 Re8 10. Ng5 d5 11. exd5 Na5 12. Bc2 Qxd5 13. b4 e4 14. d4 Nc6 15. bxc5 Na5 16. f3 exf3 17. Rxe8+ Nxe8 18. Qxf3 Qxf3 19. Nxf3 Nf6 20. Bg5 Nd5 21. Bb3 Be6 22. Bxd5 Bxd5 23. Nbd2 Re8 24. Kf2 Nc4 25. Nxc4 Bxc4 26. Be3 c6 27. a4 Rb8 28. Ne5 Bd5 29. axb5 axb5 30. Nd3 h6 31. Ra6 f6 32. Nb4 Kf7 33. Nxc6 Bxc6 34. Rxc6 b4 35. cxb4 Rxb4 36. Rb6 Rc4 37. d5 g6 38. Rb7+ Ke8 39. d6 g5 40. Rc7 Kd8 41. Rf7 Rc2+ 42. Kf3 h5 43. Rxf6 g4+ 44. hxg4 hxg4+ 45. Kxg4 Rxg2+ 46. Kf3 Rc2 47. Rf7 Rc3 48. Ke4 Ke8 49. Rc7 Rc4+ 50. Kd5 Rg4 51. Kc6 Kd8 52. Rh7 Rg8 53. Ra7 Ke8 54. Ra8+ Kf7 55. Rxg8 1-0